ბათუმის შოთა რუსთაველის სახელმწიფო უნივერსიტეტის ბიბლიოთეკა

Paris Match, du 10 AU 16 novembre.2016. №3521 (ბიბ.ჩანაწერი № 51713)

000 -LEADER
fixed length control field 00476nam a2200193Ia 4500
001 - CONTROL NUMBER
control field 18704
003 - CONTROL NUMBER IDENTIFIER
control field GE_BSU
008 - FIXED-LENGTH DATA ELEMENTS--GENERAL INFORMATION
fixed length control field 181216s||||||||xx |||||||||||||| ||und||
040 ## - CATALOGING SOURCE
Transcribing agency GE_BSU
245 ## - TITLE STATEMENT
Title Paris Match, du 10 AU 16 novembre.2016. №3521
245 ## - TITLE STATEMENT
Remainder of title №3521
260 ## - PUBLICATION, DISTRIBUTION, ETC.
Place of publication, distribution, etc. Paris
260 ## - PUBLICATION, DISTRIBUTION, ETC.
Date of publication, distribution, etc. 2016
300 ## - PHYSICAL DESCRIPTION
Extent 115p;il,29cm.
653 ## - INDEX TERM--UNCONTROLLED
Uncontrolled term du 10 AU 16 novembre.2016. №3521
653 ## - INDEX TERM--UNCONTROLLED
Uncontrolled term Paris Match
653 ## - INDEX TERM--UNCONTROLLED
Uncontrolled term პერიოდიკა
942 ## - ADDED ENTRY ELEMENTS (KOHA)
Koha item type პერიოდიკა
ეგზემპლარები
Withdrawn status Lost status Damaged status Not for loan Date acquired Barcode Date last seen Price effective from Koha item type
        2018-12-17 p78074 2018-12-17 2018-12-17 პერიოდიკა